| 000 | 00656nam a22001337a 4500 | ||
|---|---|---|---|
| 040 | _cRUA | ||
| 082 | _aAGR LUY 2014 B432 Or.1 | ||
| 100 | _aLUY SOKHIM; លុយ សុឃីម | ||
| 245 | _aSmall house hold's sugar cane production in phnom srouch district, kompong speu prtovince, ផលិតកម្មដំណាំអំពៅជាលក្ខណៈគ្រួសារនៅស្រុកភ្នំស្រួច ខេត្តកំពង់ស្ពឹ | ||
| 260 |
_aPhnom Penh _bRUA _c2014 |
||
| 300 |
_axi ;51p. _bill. _c29cm. |
||
| 856 | _uhttps://drive.google.com/file/d/1njfzIfzOd4C_QcxHxXl2WXxjQosPeln1/view?usp=sharing | ||
| 942 | _cAGR | ||
| 999 |
_c7030 _d7030 |
||